Carbon nanomaterials-based sensors : emerging research trends in devices and applications /

Carbon Nanomaterials-Based Sensors: Emerging Research Trends in Devices and Applications covers the most recent research and design trends for carbon nanomaterials-based sensors for a variety of applications, including clinical and environmental uses, and more. Carbon nanomaterials-based sensors can...

Full description

Bibliographic Details
Corporate Author: ScienceDirect (Online service)
Other Authors: Hussain, Chaudhery Mustansar, Manjunatha, Jamballi G., 1981-
Format: eBook
Language:English
Published: [S.l.] : Elsevier, 2022.
Subjects:
Online Access:Connect to the full text of this electronic book

MARC

Tag First Indicator Second Indicator Subfields
LEADER 00000cam a2200000 a 4500
001 in00005769621
005 20260327172324.0
006 m o d
007 cr |n|||||||||
008 220429s2022 xx o 001 0 eng d
040 |a YDX  |b eng  |c YDX  |d OPELS  |d EBLCP  |d OCLCF  |d UKMGB  |d UKAHL  |d OCLCQ  |d OCLCO  |d OCLCQ  |d INU  |d OCLCA  |d SFB  |d N$T  |d OCLCQ  |d OCLCL 
015 |a GBC245973  |2 bnb 
016 7 |a 020519760  |2 Uk 
019 |a 1313883845 
020 |a 9780323984195  |q (electronic bk.) 
020 |a 0323984193  |q (electronic bk.) 
020 |z 9780323911740 
035 |a (OCoLC)1313073003  |z (OCoLC)1313883845 
037 |a 9780323984195  |b Ingram Content Group 
050 4 |a TA418.9.N35 
082 0 4 |a 620.1/15  |2 23 
049 |a TXAM 
245 0 0 |a Carbon nanomaterials-based sensors :  |b emerging research trends in devices and applications /  |c edited by Chaudhery Mustansar Hussain, Jamballi G. Manjunatha. 
260 |a [S.l.] :  |b Elsevier,  |c 2022. 
300 |a 1 online resource 
336 |a text  |b txt  |2 rdacontent 
337 |a computer  |b c  |2 rdamedia 
338 |a online resource  |b cr  |2 rdacarrier 
500 |a Includes index. 
588 0 |a Print version record. 
520 |a Carbon Nanomaterials-Based Sensors: Emerging Research Trends in Devices and Applications covers the most recent research and design trends for carbon nanomaterials-based sensors for a variety of applications, including clinical and environmental uses, and more. Carbon nanomaterials-based sensors can be used with high sensitivity, stability and accuracy compared to other techniques. Written by experts in their given fields from around the world, this book helps researchers solve the particular challenges they face when developing new types of sensors. It instructs how to make sensitive, selective, robust, fast-response and stable carbon nanomaterial-based sensors, as well as how to utilize them in real life. 
650 0 |a Nanostructured materials. 
650 0 |a Detectors. 
650 0 |a Carbon. 
650 2 |a Carbon  |x chemistry.  |0 (DNLM)D002244Q000737 
650 2 |a Nanostructures  |x chemistry.  |0 (DNLM)D049329Q000737 
650 2 |a Electrochemical Techniques.  |0 (DNLM)D055664 
650 2 |a Biosensing Techniques  |x instrumentation.  |0 (DNLM)D015374Q000295 
650 6 |a Nanomatériaux. 
650 6 |a Carbone. 
650 7 |a Carbon  |2 fast 
650 7 |a Detectors  |2 fast 
650 7 |a Nanostructured materials  |2 fast 
655 7 |a Electronic books.  |2 local 
700 1 |a Hussain, Chaudhery Mustansar. 
700 1 |a Manjunatha, Jamballi G.,  |d 1981- 
710 2 |a ScienceDirect (Online service) 
776 0 8 |i Print version:  |z 0323911749  |z 9780323911740  |w (OCoLC)1257403746 
776 0 8 |i Print version:  |t Carbon nanomaterials-based sensors  |z 9780323911740  |w (OCoLC)1308472841 
856 4 0 |u http://proxy.library.tamu.edu/login?url=https://www.sciencedirect.com/science/book/9780323911740  |z Connect to the full text of this electronic book  |t 0 
955 |a Elsevier ScienceDirect 2026-2027 
994 |a 92  |b TXA 
999 f f |i 4c3727c1-31c3-4b30-aaab-de96ab7d3d2f  |s 255227af-24a6-497e-8424-b930b5e5983f  |t 0 
952 f f |a Texas A&M University  |b College Station  |c Electronic Resources  |s www_evans  |d Available Online  |t 0  |e TA418.9.N35   |h Library of Congress classification 
998 f f |a TA418.9.N35   |t 0  |l Available Online